LEADER 01041nam--2200325---450- 001 990003555660203316 005 20110801090648.0 010 $a978-0-271-02776-0 035 $a000355566 035 $aUSA01000355566 035 $a(ALEPH)000355566USA01 035 $a000355566 100 $a20110801d2009----km-y0itay50------ba 101 $aeng 102 $aUS 105 $aa---||||001yy 200 1 $aConstantinopolis/Istanbul$ecultural encounter, imperial vision, and the construction of the Ottoman capital$fCigdem Kafescioglu 210 $aUniversity park$cThe Pennsylvania State University Press$d2009 215 $aXXXII, 295 p.$cill.$d26 cm 606 0 $aArchitettura$yInstambul$zSec. 15.$2BNCF 676 $a720.949618 700 1$aKAFESCIOGLU,$bÇigdem$0610400 801 0$aIT$bsalbc$gISBD 912 $a990003555660203316 951 $aXII.2.A. 746$b232565 L.M.$cXII.2.A.$d00298328 959 $aBK 969 $aUMA 979 $aIANNONE$b90$c20110801$lUSA01$h0906 996 $aConstantinopolis$91117226 997 $aUNISA LEADER 02618nam 2200649 a 450 001 9910461081603321 005 20200520144314.0 010 $a1-280-37824-7 010 $a9786613556158 010 $a0-335-24023-2 035 $a(CKB)2670000000175135 035 $a(EBL)893042 035 $a(OCoLC)787843451 035 $a(SSID)ssj0000658732 035 $a(PQKBManifestationID)11456220 035 $a(PQKBTitleCode)TC0000658732 035 $a(PQKBWorkID)10691431 035 $a(PQKB)10687927 035 $a(MiAaPQ)EBC893042 035 $a(Au-PeEL)EBL893042 035 $a(CaPaEBR)ebr10555020 035 $a(CaONFJC)MIL355615 035 $a(EXLCZ)992670000000175135 100 $a20120511d2012 uy 0 101 0 $aeng 135 $aur|n|---||||| 181 $ctxt 182 $cc 183 $acr 200 10$aSocial work and drug use$b[electronic resource] /$fIan Paylor, Fiona Measham and Hugh Asher 210 $aMaidenhead $cMcGraw-Hill Education/Open University Press$d2012 215 $a1 online resource (186 p.) 300 $aDescription based upon print version of record. 311 $a0-335-23455-0 320 $aIncludes bibliographical references and index. 327 $aFront cover; Half title; Praise for this book; Title; Copyright; Contents; Abbreviations; Introduction: the challenge for social work; 1 Prevalence, patterns and policy; 2 Defining drug users; 3 Stigma, HCV and HIV; 4 The service user's perspective; 5 Care and control; 6 Recovery; 7 Involving service users inservices and interventions; 8 Networking, advocacy and empowerment; 9 Meeting the challenge; Glossary; Contacts; Notes; References; Index; Adverts; Back cover 330 $aThis book provides a comprehensive and practical account of this important area of health and social care and provides a basis for social workers to develop a rounded approach to their practice with drug and alcohol users. 606 $aDrug abuse counseling 606 $aDrug addicts$xCounseling of 606 $aAlcoholism counseling 606 $aAlcoholics$xCounseling of 608 $aElectronic books. 615 0$aDrug abuse counseling. 615 0$aDrug addicts$xCounseling of. 615 0$aAlcoholism counseling. 615 0$aAlcoholics$xCounseling of. 676 $a362.29186 700 $aPaylor$b Ian$0907968 701 $aMeasham$b Fiona$0907969 701 $aAsher$b Hugh$0907970 801 0$bMiAaPQ 801 1$bMiAaPQ 801 2$bMiAaPQ 906 $aBOOK 912 $a9910461081603321 996 $aSocial work and drug use$92030857 997 $aUNINA LEADER 04929 am 2200973 n 450 001 9910348245103321 005 20181120 010 $a2-7297-1051-5 024 7 $a10.4000/books.pul.7799 035 $a(CKB)4100000009763275 035 $a(FrMaCLE)OB-pul-7799 035 $a(oapen)https://directory.doabooks.org/handle/20.500.12854/42724 035 $a(PPN)241655188 035 $a(EXLCZ)994100000009763275 100 $a20191105j|||||||| ||| 0 101 0 $afre 135 $auu||||||m|||| 181 $ctxt$2rdacontent 182 $cc$2rdamedia 183 $acr$2rdacarrier 200 13$aLa Caricature entre République et censure $eL?imagerie satirique en France de 1830 à 1880 : un discours de résistance ? /$fPhilippe Régnier, Raimund Ru?tten, Ruth Jung, Gerhard Schneider 210 $aLyon $cPresses universitaires de Lyon$d2018 215 $a1 online resource (448 p.) 311 $a2-7297-0584-8 330 $aCet ouvrage comble les lacunes dans la connaissance d'ensemble que l?on a en France de la satire illustrée entre 1830 et 1871 : comme si le génie d?artistes fameux (Daumier notamment, ici éclairé d?un jour nouveau) avait jusqu?à présent occulté la masse des dessinateurs et des journaux qui ont formé l?imaginaire collectif de nos ancêtres, les Européens. Les explications d?images ici proposées examinent dans quelle mesure la caricature a développé une culture de résistance à l?Europe des rois et des bourgeois. L?attention est concentrée sur les expressions de l?aspiration démocratique, sur les effets des mouvements ouvrier et socialiste naissants, sur la représentation des efforts d?émancipation des femmes. Grâce à plus de 500 reproductions, les auteurs montrent comment interpréter une iconographie souvent réduite à sa dimension esthétique par l?histoire de l?art. L?enjeu est de réapprendre à lire des dessins en quelque sorte coupés de leur sens socio-politique - leur valeur marchande ayant très tôt conduit à les détacher des journaux satiriques constituant dans la plupart des cas leur support originel. Car le discours iconique n?est pas une simple illustration. Il crée son code et ses stéréotypes. Polysémique, il propose sa propre vision du monde. De même qu?une intertextualité des textes, il y a en somme une intericonicité des images, elle-même prise dans l?intermédialité générale du siècle (presse, chanson, littérature, théâtre, peinture et arts plastiques). L?ambition affichée est de contribuer à la formation d?une discipline en émergence entre l?histoire, l?histoire de l?art et l?histoire littéraire : les études culturelles médiatiques. 606 $aLiterature 606 $aLiterature, Romance 606 $acaricature 606 $acensure 606 $aRépublique 606 $asatire 610 $acaricature 610 $aRépublique 610 $acensure 610 $asatire 615 4$aLiterature 615 4$aLiterature, Romance 615 4$acaricature 615 4$acensure 615 4$aRépublique 615 4$asatire 700 $aAgulhon$b Maurice$0133367 701 $aAlbrecht$b Juerg$01323223 701 $aAllard$b Paul$0467527 701 $aBellet$b Roger$0200150 701 $aBosse$b Monika$0262220 701 $aBuchinger-Früh$b Marie Luise$01323224 701 $aCarofiglio$b Vito$0131439 701 $aCosta Colajanni$b Giuliana$01323225 701 $aCzyba$b Lucette$01230999 701 $aDöring$b Jürgen$01323226 701 $aEspagne$b Michel$0738459 701 $aFeuerhahn$b Nelly$01323227 701 $aGerhard$b Ute$0458180 701 $aHarms$b Ute$01323228 701 $aHellemans$b Jacques$01323229 701 $aJouve$b Michel$01322742 701 $aKoch$b Ursula E$01300936 701 $aLanglois$b Claude$0154015 701 $aMorot$b Alain$01323230 701 $aNathan$b Michel$01230653 701 $a?sterle$b Günter$01323231 701 $aParr$b Rudolf$01323232 701 $aPeltzer$b Marina$01323233 701 $aPlanté$b Christine$01287276 701 $aRégnier$b Philippe$0403027 701 $aRütten$b Raimund$01323234 701 $aSartorius$b Francis$0453927 701 $aSchapira$b Marie-Claude$01288993 701 $aSchneider$b Gerhard$0156798 701 $aSiebe$b Michaele$01323235 701 $aStoll$b André$0414210 701 $aStrumingher$b Laura S$01323236 701 $aUnverfehrt$b Gerd$01323237 701 $aZbinden$b Role$01323238 701 $aRégnier$b Philippe$0403027 701 $aRu?tten$b Raimund$01323234 701 $aJung$b Ruth$01323239 701 $aSchneider$b Gerhard$0156798 801 0$bFR-FrMaCLE 906 $aBOOK 912 $a9910348245103321 996 $aLa Caricature entre République et censure$93035427 997 $aUNINA